Tranh luận văn nghệ thế kỷ XX. t.I, Tranh luận về quốc học; Tranh luận về Truyện Kiều; Tranh luận về Duy tâm hay Duy vật /

Đã lưu trong:
书目详细资料
格式: Sách giấy
语言:Vietnamese
出版: H. : Lao động, 2002
主题:
标签: 添加标签
没有标签, 成为第一个标记此记录!
Thư viện lưu trữ: Thư viện Trường Đại học Đà Lạt
LEADER 00783nam a2200277 4500
001 DLU060052146
005 ##20060404
040 # # |a DLU  |b vie 
041 # # |a vie 
044 # # |a vn 
082 # # |a 801.93  |b Tra 
245 # # |a Tranh luận văn nghệ thế kỷ XX.  |n t.I,  |p Tranh luận về quốc học; Tranh luận về Truyện Kiều; Tranh luận về Duy tâm hay Duy vật /  |c Nguyễn Ngọc Thiện biên soạn, sưu tầm 
260 # # |a H. :  |b Lao động,  |c 2002 
300 # # |a  1047tr. ;  |c 21 cm 
653 # # |a Lý luận văn học 
923 # # |a 02/2006 
990 # # |a t.I 
992 # # |a 220.000 
994 # # |a DLU 
900 # # |a True 
911 # # |a Đào Thị Thu Huyền 
925 # # |a G 
926 # # |a A 
927 # # |a SH 
980 # # |a Thư viện Trường Đại học Đà Lạt